000
00242nam a2200097Ia 4500
001
1199275
005
20250827021901.0
008
250824s9999 xx 000 0 und d
245
0
_a
ÖLÜM MELEĞİ
_c
AGATHA CHRISTIE
260
_b
ALTIN KİTAPLAR
999
_c
1199275
_d
1199275